Koude Oorlog Quiz - Statistieken

Algemene statistieken
  • Deze quiz is 78 keer genomen
  • De gemiddelde score is 11 van 25
Antwoordstatistieken
Vraag Antwoord % Correct
1. Tegen wie streden de SU en de VS in de tweede wereldoorlog? Nazi-Duitsland
92%
2. Na het verslaan van Duitsland ontstond er afkeer bij de VS tegen de uitbreiding van het ... door de SU Communisme
76%
20. Ook werd de ... Muur gebouwd om het westenlijke deel van het oostelijke deel uit elkaar te houden. Berlijnse
75%
7. Welk van de 4 gebieden koos voor een andere bestuursvorm dan de andere 3. Kies uit Frankrijk, VK, VS, SU. SU
69%
15. De opvolger werd Chroestjsov. Was Chroestsjov in het begin strenger of minder streng dan Stalin op het communisme? Minder Streng
68%
14. Welke streng communistische leider stierf in 1953? Stalin
68%
6. In hoeveel gebieden werden zowel Duitsland als Berlijn verdeeld? 4
64%
17. De SU onderdrukte deze protesten zwaar. Trad de westerse wereld hier tegenop? Nee
64%
11. Door de groeiende invloed van het communisme besloten de westerse landen in 1949 tot het oprichten van een militair bondgenootschap. Hoe heet dit? (Afkorting) NAVO
63%
10. Wat is een afkorting van het afgesloten Oost-Duitsland? DDR
56%
18. In 1962 was het zwaartepunt van de 'oorlog'. Op ... waren Atoomrakketen geïnstalleerd door de SU die de VS in een paar minuten konden vernietigen. Cuba
53%
19. Veel mensen in het Oost-Blok voelden zich belemmerd en wilden naar West-Europa. Dit ging lastig door het .... IJzeren Gordijn
49%
3. Deze afkeer ontstond ook bij SU tegen de ... ideologie van de VS Kapitalistische
47%
16. Er ontstonden opstanden in Europa door het toenemende communisme. Ook in Hongarije in de hoofstad Boedapest. In welk jaar? 1956
39%
24. Waar slaagde het enigzinds? Korea
39%
21. Door middel van militaire en economische steun wilde president ... het communisme buiten veel landen in de wereld houden. Truman
31%
8. Wat werd er 'gebouwd' als reactie op de blokkade van Berlijn een Luchtbrug
29%
12. Hoe heet het strijden naar het meeste macht en dit laten zien? Wapenwedloop
27%
25. Hoe heet de theorie waarin werd beschreven dat als een land communistisch zou worden de rest het ook zou worden? Dominotheorie
17%
23. Op welke twee plekken in Azië greep de VS zwaar in tegen het communisme? Vietnam en Korea
15%
5. Tijdens welke bijeenkomst werd de verdeling van Duitsland besproken na de oorlog? Conferentie van Jalta
12%
22. Hoe wordt dit genoemd? Containmentpolitiek
8%
4. Tijdens welke bijeenkomst werd de verdeling van Oost-Europa besproken na de oorlog? Conferentie van Teheran
3%
9. Hoeveel mensen woonden er in West-Berlijn 2,2 miljoen
2%
13. Doordat beide landen hun macht lieten zien ontstond er ...? Wederzijdse Afschrikking
2%
Geen overeenkomende quizzen gevonden
Scoreverdeling
Procent van Mensen met Elke Score
Percentiel versus Aantal Correcte Antwoorden
Uw Scoregeschiedenis
U heeft deze quiz nog niet genomen